01835nam a22002297a 450000500170000000800410001702000180005804000070007604100080008308200230009110000260011424500630014026000550020330000240025836500660028252010190034865000370136770000250140494200120142999900190144195201450146020230113150646.0230113b ||||| |||| 00| 0 eng d a9786203305326 cAL aeng 223a620.1405bKAUS aKaramveer Kaur969139 aStudies of Zr Modified Barium Titanate Dielectric Ceramics aBeau BassinbLap Lambert Academic Publishingc2021 a213p.bPBc21x14cm. 2GeneralaXWNY-449694b₹7098.00c₹d₹7098.00f06-01-2023 aIn the present study, we have selected Ba6Ti5O18 ceramics belonging to cation deficient perovskite family keeping in view their promising microwave dielectric properties like high dielectric constants, good quality factors and thermal stability. All these characteristics make these cation deficient perovskite ceramics, the useful materials for fabrication of dielectric resonators that are essential part of Microwave Communication Technology. By close inspection and critical analysis of the results of substitutional studies performed on various compounds of Barium Titanate family, zirconium has been chosen as a dopant on titanium site as its addition to barium titanates causes change in curie temperature, noticeable decrease in dielectric maxima, formation of core shell grains leading to desired temperature stability of dielectric properties and enhancement in dielectric properties with minimal impact on the crystallographic chemistry of these compounds. Here, we have synthesized Ba6(Ti1-xZrx)5O18 (0 2 Engineering and applied physics aTyagi Anand K969140 2ddccBK c226378d226378 00102ddc40708PHYaSACPGbSACPGd2023-01-13eAmazon.ing7098.00l0o620.1405 KAUSpPG024178r2023-01-13 00:00:00v7098.00w2023-01-13yBK